000 00784nam a2200229 a 4500
001 000033816
005 20200930070537.0
008 110912s19uu sp a 000 0 spa d
040 _aDO-SdBNP
_bspa
_cBNPHU
082 _axxxx
_bE74
245 0 0 _aEscritores de indias /
_cselección, estudio y notas Manuel Ballesteros.
250 _a2a ed.
260 _aMadrid :
_bEbro,
_c[19--?].
300 _av. :
_bil. ;
_c17 cm.
490 1 _aBiblioteca Clásica Ebro, Clasicos Españoles
490 1 _aProsa
_v2
500 _aLa biblioteca posee el v. 1
504 _aIncluye referencias bibliográficas y notas al pie de las páginas.
700 1 2 _aBallesteros, Manuel,
_d1911 - 2002
_959237
830 0 _aBiblioteca Clásica Ebro, Clasicos Españoles
_959238
830 0 _aProsa
_v2
_959239
999 _c33307
_d33307